000
00251nam a2200097Ia 4500
005
20251222114415.0
008
251222s1900||||xx |||||||||||||| ||spa||
082
_a
DVD0070/L95/1999/Ej.2
245
0
_a
Una historia verdadera:The Straight Story
942
_c
DVD
999
_c
2214
_d
2214